000 00343nam a2200145Ia 4500
008 221007s9999 xx 000 0 und d
041 _aeng
082 _bKAT
100 _aKathalkar S V (2K4409)
_9102317
245 _aTraining Analysis
260 _c2006
_bPune University
_aPune
300 _a62p
520 _aGaikwad A
906 _bGeneral
999 _c69479
_d69479